Applied thermodynamics for engineering technologists (Record no. 10734)

000 -LEADER
fixed length control field 00547nam a2200205u 4500
001 - CONTROL NUMBER
control field 10734
003 - CONTROL NUMBER IDENTIFIER
control field BD-DhUET
008 - FIXED-LENGTH DATA ELEMENTS--GENERAL INFORMATION
fixed length control field 810312q1963 enk 000 0 eng
040 ## - CATALOGING SOURCE
Original cataloging agency DLC
Transcribing agency DLC
Modifying agency BD-DhUET
082 ## - DEWEY DECIMAL CLASSIFICATION NUMBER
Classification number 621.01
Item number EAS/1963
100 ## - MAIN ENTRY--PERSONAL NAME
Personal name Eastop, T. D.
245 10 - TITLE STATEMENT
Title Applied thermodynamics for engineering technologists
250 ## - EDITION STATEMENT
Edition statement 1st ed.
260 ## - PUBLICATION, DISTRIBUTION, ETC. (IMPRINT)
Place of publication, distribution, etc. London
Name of publisher, distributor, etc. Longmans
Date of publication, distribution, etc. 1963
300 ## - PHYSICAL DESCRIPTION
Extent xi, 788p.
Other physical details ill.
504 ## - BIBLIOGRAPHY, ETC. NOTE
Bibliography, etc Includes bibliographies
650 #0 - SUBJECT ADDED ENTRY--TOPICAL TERM
Topical term or geographic name as entry element Thermodynamics, Engineering
700 ## - ADDED ENTRY--PERSONAL NAME
Personal name McConkey, A.
942 ## - ADDED ENTRY ELEMENTS (KOHA)
Koha item type General Book
Holdings
Date acquired Koha normalized classification for sorting Lost status Koha date last borrowed Withdrawn status Koha issues (times borrowed) Location (home branch) Koha date last seen Shelving location Price effective from Sublocation or collection (holding branch) Copy number Koha item type Not for loan Damaged status Source of classification or shelving scheme Piece designation (barcode) Koha full call number
2015-02-09621_010000000000000_EAS_1963    Central Library, BUET2015-02-09Circulation section2015-02-09Central Library, BUET1General Book   23814621.01/EAS/1963
2015-04-16621_010000000000000_EAS_1963 2024-09-17 1Central Library, BUET2024-10-19Circulation section2015-04-16Central Library, BUET2General Book   3742621.01/EAS/1963
2015-04-27621_010000000000000_EAS_1963    Central Library, BUET2015-04-27Circulation section2015-04-27Central Library, BUET3General Book   18258621.01/EAS/1963
2015-06-16621_010000000000000_EAS_1963    Central Library, BUET2015-06-16Reading section2015-06-16Central Library, BUET4Reading Item   18256621.01/EAS/1963